00466 a2200145 4500001001000000005001700010008004100027245007600068100002000144700002500164700003900189700002000228773005500248999001700303ART_5098420260410161758.0260409a 10aTratamiento de los fideicomisos del exterior en la normativa tributaria1 aGotlib, Gabriel1 aVaquero, Fernando M.1 aFerreyra Fernández, Constanza E.1 aKaplún, Brian0 tDoctrina tributariag- N°482 (mayo 2020)wREV4296 c20296d20296